000 00766nam a2200241Ia 4500
003 OSt
005 20220923213615.0
006 a|||||r|||| 00| 0
007 ta
008 220922b |||||||| |||| 00| 0 hin d
024 _a163,400
037 _cTextual
040 _aARTS
_cARTS
_bhin
041 _2hin
_ahin
082 _aO152,1N10x, K7
100 _aचन्द्रप्रकाश सिंह
245 0 _aअपराजिता
246 _aAparājitā
260 _aदिल्ली
_b नेशनल पब्लि हाउस
_c1967
650 _aहिन्दी साहित्य
_9156264
942 _hO152,1N10x, K7
_cTEXL
_2CC
999 _c317880
_d317880